Landen die grenzen aan Polen - Statistieken

Algemene statistieken
  • Deze quiz is 127 keer genomen
  • De gemiddelde score is 6 van 7
Antwoordstatistieken
Lengte Land % Correct
467 km Duitsland
100%
790 km Tsjechië
95%
103 km Litouwen
87%
528 km Oekraïne
87%
416 km Belarus
86%
210 km Rusland
86%
541 km Slowakije
84%
Geen overeenkomende quizzen gevonden
Scoreverdeling
Procent van Mensen met Elke Score
Percentiel versus Aantal Correcte Antwoorden
Uw Scoregeschiedenis
U heeft deze quiz nog niet genomen